Az államalkotó szerződések (belső államszerződések) a magyar közjogban III.

Elmentve itt :
Bibliográfiai részletek
Szerző: Ferdinandy Géza
Adatforrás:Philobibl
Forrásdokumentuma:Athenaeum 1901/3
367-385. p.
Dokumentumtípus: Cikk
Nyelv:magyar
LEADER 00333nab a2200097 c 4500
001 bibDOK00012942
005 20200924120814.6
008 060518s1901 xx hun
100 1 |a Ferdinandy Géza 
245 1 3 |a Az államalkotó szerződések (belső államszerződések) a magyar közjogban III.  |c Ferdinandy Géza 
773 0 |t Athenaeum 1901/3  |g 367-385. p.